000 00479nam a2200157Ia 4500
008 240729s9999 xx 000 0 und d
022 _a2345-3893
245 0 _aJournal of Health Sciences and Surveillance System
260 _aIran, Islamic Republic of
260 _bShiraz University of Medical Sciences
650 _a Public aspects of medicine
650 _aMedicine
856 _uhttps://doaj.org/toc/a5df2ea5149d4a0c868d8cea15d9ee19
942 _2ddc
942 _cDOAJEJ
999 _c70521
_d70521
945 _a1
_bMadushi Gamage
_c1
_dMadushi Gamage